=LDR 00000nam 2200000 4500 =001 INLIS000000000012324 =005 20140320130214.0 =006 =007 =008 Ind =035 ##$$a 0010-061300000012324 =041 ##$$a Ind =082 ##$$a 658.409 =090 ##$$a 658.409, Ben m =100 ##$$a Benfari, Robert =245 ##$$a Memahami gaya manajemen Anda, Robert Benfari ; Penerjemah Abd Rosyid =260 ##$$a Jakarta $b Pustaka Binaman Pressindo $c 1945 =300 ##$$a xxi, 251 hlm., 21 cm =650 ##$$a Eksekutif (Aspek personalia) Manajemen =700 ##$$a Rosyid, Abd =850 ##$$a NBPNMAT